[Event "OWL-EM 2014"]
[Site "?"]
[Date "2014.04.25"]
[Round "3"]
[White "Preiß, Lore"]
[Black "Rathmann, Martha"]
[Result "1-0"]
[WhiteElo "1481"]
[BlackElo "1225"]
[Annotator "Stockfish Engine"]
[PlyCount "119"]
[SourceDate "2014.04.23"]

{A80: Holländische Verteidigung} 1. d4 f5 2. Nf3 e6 3. e3 {letzter Buchzug} c6
{Nimmt Einfluß auf b5} (3... Nf6 4. Be2 $11) 4. Nbd2 (4. Bd3 Nf6 $14) 4... d5
5. Ne5 {Da gehört der Springer hin} Nf6 6. Be2 Bd6 7. Ndf3 O-O 8. O-O b6 9. c4
Bb7 10. cxd5 exd5 11. Bd2 Nbd7 12. Rc1 Rc8 13. Qa4 {[%cal Ra4c6,Rc1c6,Re5c6,
Gb7c6,Gc8c6] c6 muss gedeckt werden. Weiß droht Materialgewinn: Da4xa7} Bb8 $4
{gibt den Vorteil aus der Hand} (13... Qc7 $142 $11 {war die einzige
Möglichkeit, noch zu kämpfen}) 14. Nxc6 $18 Bxc6 15. Rxc6 Ne4 $2 (15... Rxc6
16. Qxc6 Qe7 $18) 16. Rxc8 Qxc8 17. Rc1 Qd8 18. Ba6 (18. Bb4 {ginge schneller}
Nd6 $18) 18... Qe7 $2 (18... Nxd2 $142 19. Nxd2 Nf6 $18) 19. Bb4 Bd6 (19... Nd6
20. Qb3 Nf6 21. Ne5 $18) 20. Bxd6 Nxd6 (20... Qxd6 21. Bd3 $18) 21. Qb3 (21.
Rc7 $142 {ist der schnellste Weg} Rd8 22. Ne5 $18) 21... Nf6 22. Ne5 Qe8 $2 (
22... Nf7 23. Nc6 Qc7 24. Rc3 $18) 23. a4 (23. Rc7 $142 {wäre im Gewinnsinne
präziser} Qb8 24. Re7 Nf7 $18) 23... g5 $2 (23... Nf7 24. Nd3 Qe7 25. Qc2 $18)
24. Qb4 (24. Rc7 {und Weiß hätte es noch leichter} Qe6 25. Qc2 Nf7 $18) 24...
Nf7 (24... Qe7 {wäre gleichermaßen fruchtlos} 25. Rc6 Rd8 26. a5 $18) 25. Nc6 (
25. Rc8 $142 $5 {gibt noch größeren Vorteil} Qxc8 26. Bxc8 Rxc8 $18) 25... Qe4
26. Qe7 Ng4 (26... Qxe7 {nützt auch nichts mehr} 27. Nxe7+ Kh8 28. Nxf5 $18)
27. Qxe4 (27. h3 $142 {machte sofort alles klar} Nxe3 28. fxe3 f4 29. exf4 gxf4
$18) 27... fxe4 28. Ne7+ Kg7 29. Nxd5 (29. Rc7 $5 {ginge schneller} Nd8 30.
Rxa7 Rf7 $18) 29... Nd6 30. Rc2 (30. Rc6 {erleichterte Weiß die Gewinnführung}
Ne8 $18) 30... Rf5 (30... Nf6 {hilft allerdings auch nicht} 31. Rc6 Nxd5 32.
Rxd6 $18) 31. Nc7 h5 (31... Kf8 {ändert den Lauf der Dinge nicht} 32. b4 Ke7
33. h3 $18) 32. h3 Nf6 33. b3 (33. Rc6 {lässt dem Gegner kaum Chancen} Nfe8 34.
Nxe8+ Nxe8 $18) 33... h4 (33... Kf7 {ändert nichts mehr} 34. Nb5 Nxb5 35. Bxb5
$18 (35. axb5 $6 Rd5 $18)) 34. Rc6 Nf7 (34... Nfe8 {macht keinen großen
Unterschied} 35. Bc4 $18) 35. Ne6+ Kh6 (35... Kh7 {holt die Kuh nicht vom Eis}
36. Bc8 Rd5 37. Nxg5+ Nxg5 38. Rxf6 $18) 36. Bc4 Nh8 37. Rc7 g4 38. hxg4 Nxg4
39. Nf4 Ng6 (39... Rf8 {hilft allerdings auch nicht} 40. Be6 Nf6 41. Rxa7 $18)
40. Rc6 (40. Be6 $142 {und nichts geht mehr} Rf6 41. Bxg4 Nxf4 42. exf4 Rxf4
$18) 40... Rf6 41. Rxf6 Nxf6 42. Nd5 Kg5 (42... Ne8 {ändert nichts mehr} 43.
Nc3 Nf6 44. Ba6 $18) 43. Nc3 (43. Nxf6 $142 {und Schwarz kann direkt aufgeben}
Kxf6 44. Bd5 Ne7 45. Bxe4 Ng8 $18) 43... Ne7 44. Be6 Nc6 45. d5 Nd8 46. Bc8 Kg6
(46... Nf7 {ändert nichts am Ausgang der Partie} 47. Nb5 a6 48. Bxa6 $18) 47.
Kh2 Nf7 48. Kh3 Kg5 (48... Kh5 {wäre gleichermaßen fruchtlos} 49. Bf5 Nd6 50.
Be6 $18) 49. f3 exf3 (49... Nd6 {macht keinen großen Unterschied} 50. f4+ Kh5
51. Be6 $18) 50. gxf3 Nd6 51. Be6 Nfe8 (51... a6 {ändert den Lauf der Dinge
nicht} 52. Ne2 $18) 52. f4+ Kf6 (52... Kg6 {hilft auch nicht mehr} 53. e4 Nb7
54. Kxh4 $18) 53. Kxh4 (53. e4 Nb7 54. e5+ Kg6 55. Kxh4 Kh6 $18) 53... Ng7 (
53... Nb7 {nützt auch nichts mehr} 54. e4 Ke7 55. e5 $18) 54. e4 Kg6 (54...
Nxe6 {holt die Kuh nicht vom Eis} 55. e5+ Kf5 56. dxe6 $18) 55. Kg4 a6 56. Bg8
(56. e5 $142 {wäre im Gewinnsinne präziser} Ndf5 57. Bc8 Nh6+ 58. Kf3 $18)
56... Nge8 (56... Nc8 {ist vielleicht ein Schwindelversuch} 57. e5 Ne7 $18) 57.
e5 Nf5 58. d6 Nh6+ 59. Kf3 Nxd6 60. exd6 (60. exd6 Nf5 61. d7 Nd4+ 62. Ke4 Nc6
63. Bd5 Nd8 64. Ke5 a5 65. f5+ Kg5 66. f6 b5 67. f7 Nxf7+ 68. Bxf7 b4 69. d8=Q+
Kg4 70. Ne4 Kf3 71. Qd3+ Kg2 72. Qg3+ Kf1 73. Bc4#) 1-0

[Event "OWL-EM 2014"]
[Site "?"]
[Date "2014.04.25"]
[Round "4"]
[White "Preiß, Lore"]
[Black "Brinkmann, Andrea"]
[Result "1/2-1/2"]
[WhiteElo "1481"]
[BlackElo "1759"]
[Annotator "Stockfish Engine"]
[PlyCount "58"]
[SourceDate "2014.04.23"]

{D02: Damenbauernspiele} 1. d4 d5 2. Nf3 Nc6 3. Bf4 Nf6 {letzter Buchzug} 4.
Nbd2 g6 (4... Nh5 5. e3 $11) 5. e3 (5. h3 Bg7 6. e3 O-O $14) 5... a6 {Verwehrt
dem Gegner b5} (5... Nh5 6. Bg5 $11) 6. c3 {Kontrolliert b4} (6. c4 e6 $14)
6... Bg7 (6... Nh5 7. Bd3 $11) 7. h3 {Punkt g4} O-O 8. Bd3 Nb8 9. O-O Nbd7 10.
e4 dxe4 11. Nxe4 Nxe4 12. Bxe4 {Schwarz hat eine gedrückte Stellung. Die
schwarze Figur kann nicht ziehen: c8} Nf6 13. Bc2 Be6 14. Bb3 Nd5 {Schwarz
droht Materialgewinn: Sd5xf4} 15. Bh2 Rc8 (15... c6 16. Re1 $14) 16. Re1 (16.
Ng5 $5 Bf5 17. g4 e6 $18) 16... c6 $16 {Sichert d5} 17. Qe2 Re8 18. Ng5 Bf5 19.
g4 Bd7 20. Qf3 {Weiß droht Materialgewinn: Df3xf7} Bf6 (20... Rf8 $5 $14) 21.
Ne4 $16 Bg7 (21... b6 $142 $16) 22. Ng5 (22. Nc5 $142 $5 $18) 22... Bf6 $16 23.
Nxf7 (23. Bf4 Nxf4 24. Bxf7+ Kg7 25. Bxe8 Bxg5 26. Bxd7 Qxd7 $16) 23... Kxf7
$14 {Schwarz gewinnt eine Figur} 24. g5 {Weiß droht Materialgewinn: g5xf6} Kg7
25. gxf6+ exf6 26. Bxd5 cxd5 27. Qxd5 {Weiß hat einen neuen gedeckten
Freibauern: d4} Bxh3 28. Qxb7+ Qd7 29. Qxd7+ Bxd7 1/2-1/2

[Event "OWL-EM 2014"]
[Site "?"]
[Date "2014.04.25"]
[Round "4"]
[White "Rathmann, Martha"]
[Black "Burova, Julia"]
[Result "0-1"]
[WhiteElo "1225"]
[BlackElo "1395"]
[Annotator "Stockfish Engine"]
[PlyCount "90"]
[SourceDate "2014.04.23"]

{B42: Sizilianisch (Paulsen-Variante)} 1. d4 e6 2. Nf3 c5 3. e4 cxd4 4. Nxd4 a6
5. Bd3 Qc7 6. O-O {letzter Buchzug} Bd6 {Schwarz droht Materialgewinn: Ld6xh2.
Schwarz muss dringend die Entwicklung vorantreiben.} 7. f4 {Schwarz hat eine
gedrückte Stellung. Die schwarze Figur kann nicht ziehen: c8} Nc6 8. c3 {Es
geht um b4} (8. Nxc6 dxc6 9. Qg4 g6 $14) 8... b5 (8... Bc5 9. Be3 $14) 9. Qg4 (
9. Be3 Bc5 $16) 9... g6 $14 {Der Gegner darf nicht nach f5} 10. Be3 Nge7 (10...
e5 11. Nxc6 dxc6 12. f5 $14) 11. Nd2 Bc5 (11... Nxd4 12. cxd4 f5 13. Qh3 $16)
12. Rf3 (12. Qh4 Bb7 $16) 12... Rg8 (12... e5 $5 {ist eine Alternative} 13. Nc2
exf4 14. Qxf4 Qxf4 15. Rxf4 Bxe3+ 16. Nxe3 O-O $14) 13. Qg5 d5 14. Raf1 (14.
exd5 Bxd4 15. dxc6 Bxe3+ 16. Rxe3 h6 17. Qxh6 Qxc6 $16) 14... Bb7 15. Kh1 (15.
exd5 Bxd4 16. cxd4 Nxd5 17. Nb3 $16) 15... O-O-O $2 (15... Nxd4 $142 {damit
wäre Schwarz im Spiel geblieben} 16. cxd4 Bb4 $11) 16. Nxe6 $1 $18 {Hinlenkung:
e6} fxe6 17. Bxc5 dxe4 18. Nxe4 Nf5 19. Qf6 e5 $2 (19... Rge8 20. Bg1 Nb8 21.
Bc2 $16) 20. Qe6+ (20. Bc2 $142 $5 exf4 21. Rxf4 $18) 20... Kb8 $16 21. g4 {
Weiß droht Materialgewinn: g4xf5} (21. Nf6 Ng7 22. Qh3 (22. Qxg8 $143 Rxg8 23.
Nxg8 Ne6 $15) 22... exf4 23. Be4 $18) 21... Nfd4 $4 {gibt den Vorteil aus der
Hand} (21... Rge8 $142 22. Qf6 Rxd3 23. Rxd3 Nce7 $11) 22. Qf6 $4 {wild
schwanken die Waagschalen...} (22. cxd4 $142 {entschiede die Partie sofort}
Nxd4 23. Bxd4 exd4 24. Qe5 Qxe5 25. fxe5 $18) 22... Nxf3 $19 23. Bd6 $4 {
schlecht aber verständlich} (23. Rxf3 exf4 24. Bd6 Rxd6 25. Nxd6 $19) 23...
Rxd6 $1 {ein Tiefschlag} 24. Qxd6 (24. Nxd6 Nd8 {Kombination}) (24. Qxd6 exf4 {
Freibauer}) 24... Qxd6 ({Nicht} 24... exf4 25. Qxc7+ Kxc7 26. Nc5 $19) 25. Nxd6
Nd2 26. Rf2 Nc4 $1 {Hinlenkung: c4} 27. Nxb7 (27. Bxc4 Na5+ {Doppelangriff} (
27... Na5+ {Hinlenkung})) (27. Nxc4 Na5+ {Doppelangriff} (27... Na5+ {
Hinlenkung})) 27... Kxb7 28. Be4 (28. Bxc4 {ändert nichts mehr} bxc4 29. Kg2
exf4 30. Rxf4 Rd8 31. Rxc4 Rd2+ 32. Kg3 Rxb2 $19) 28... Kc7 29. h4 (29. fxe5 {
wäre gleichermaßen fruchtlos} N6xe5 30. b3 Ne3 $19) 29... exf4 30. Rxf4 (30. b3
{ändert den Lauf der Dinge nicht} Nd6 31. Rxf4 Nxe4 32. Rxe4 Rd8 $19) 30...
N6e5 31. Bd5 Rd8 32. Bxc4 Nxc4 (32... bxc4 {lässt dem Gegner kaum Chancen} 33.
Rf2 $19) 33. b3 (33. Rf2 {hilft auch nicht mehr} Rd3 $19) 33... Ne5 34. Kg2 (
34. Re4 {ändert nichts am Ausgang der Partie} Kd6 35. Kg2 Rc8 $19) 34... Rd2+
35. Rf2 (35. Kf1 {verlängert das Leiden} Rxa2 36. Rf8 $19) 35... Rxf2+ 36. Kxf2
Nxg4+ 37. Kf3 Ne5+ 38. Kf4 Nf7 39. a3 Kc6 40. Ke4 Kc5 (40... a5 41. b4 Nd6+ 42.
Kd3 a4 43. Ke3 Nc4+ 44. Kd4 Nxa3 45. Kd3 h6 46. c4 Nxc4 47. Kc2 a3 48. Kb1 g5
49. hxg5 hxg5 50. Ka1 g4 51. Kb1 g3 52. Kc1 g2 53. Kd1 g1=Q+ 54. Ke2 a2 55. Kf3
a1=Q 56. Ke4 Qg6+ 57. Kf4 Qf1#) 41. Kd3 a5 42. b4+ axb4 43. cxb4+ Kb6 44. Kc3
Nd6 45. Kb3 Nf5 0-1

[Event "OWL-EM 2014"]
[Site "?"]
[Date "2014.04.25"]
[Round "4"]
[White "Schwarze, Marianne"]
[Black "Schrader, Elanor"]
[Result "0-1"]
[WhiteElo "1406"]
[BlackElo "1750"]
[Annotator "Stockfish Engine"]
[PlyCount "72"]
[SourceDate "2014.04.23"]

{B34: Sizilianisch (Beschleunigtes Fianchetto)} 1. e4 c5 2. Nf3 Nc6 3. d4 cxd4
4. Nxd4 g6 {letzter Buchzug} 5. c3 {Kontrolliert b4+d4} (5. c4 Bg7 6. Be3 Nf6
$14) 5... Bg7 6. Be3 {Die schwarze Figur kann nicht ziehen: c8} Nf6 {Schwarz
droht Materialgewinn: Sf6xe4} 7. Nd2 O-O {Schwarz hat eine gedrückte Stellung.
Die schwarze Figur kann nicht ziehen: c8} 8. Be2 d5 9. Nxc6 bxc6 10. exd5 cxd5
11. O-O Bb7 12. f4 e6 13. Bd4 Qc7 14. Qc1 Rfd8 15. Nf3 a6 {Es geht um b5} 16.
Ne5 Nd7 {Schwarz droht Materialgewinn: Sd7xe5} 17. Qe3 Rac8 (17... a5 18. b4
$11) 18. Rac1 f6 19. Nxd7 Qxd7 20. Qg3 Qd6 21. Bg4 Rc6 22. Rfe1 Re8 23. Bd1 Rc7
24. Qf3 (24. Bc2 Bc6 $11) 24... e5 (24... Bh6 25. g3 e5 26. Bb3 $15) 25. fxe5
fxe5 26. Qg3 Rce7 (26... a5 27. Ba4 Bc6 28. Bxc6 Rxc6 29. Rcd1 $15) 27. Ba4 {
Weiß droht Materialgewinn: La4xe8} (27. Rf1 a5 28. Be3 Ba6 $11) 27... Bc6 $15
28. Bb3 Bh6 {Schwarz droht Materialgewinn: Lh6xc1} (28... a5 $142 29. Be3 a4
$15) 29. Rcd1 $4 {und raufte sich die Haare} (29. Be3 $142 {geht wohl noch}
Bxe3+ 30. Qxe3 $11) 29... Bf4 $19 30. Qf2 (30. Qh4 exd4 31. Rxe7 Rxe7 (31...
Qxe7 $6 32. Qxf4 dxc3 33. bxc3 $11) 32. cxd4 Re2 $19) 30... exd4 31. Rxe7 Rxe7
(31... Bxh2+ $142 {damit würde Schwarz es sich noch erleichtern} 32. Kh1 Rxe7
$19 (32... Qxe7 $6 33. Kxh2 dxc3 34. bxc3 $17)) 32. Qf3 (32. Kh1 {lenkt
vielleicht noch ab} Bxh2 33. Rf1 $19) 32... Bxh2+ 33. Kh1 Rf7 34. Qh3 Bg3 35.
c4 Kg7 (35... Qf4 36. Qxg3 Qxg3 37. cxd5 Bb7 38. Re1 Rf4 39. d6+ Kf8 40. Re8+
Kxe8 41. d7+ Kd8 42. a3 Qxg2#) 36. cxd5 Bd7 (36... Bd7 37. Qh2 Bxh2 38. Bc4 Rf2
39. Bf1 Qg3 40. Rc1 Bh3 41. Rc7+ Kf8 42. Rc1 Bxg2+ 43. Bxg2 Qxg2#) 0-1

[Event "OWL-EM 2014"]
[Site "?"]
[Date "2014.04.26"]
[Round "5"]
[White "Brinkmann, Andrea"]
[Black "Schwarze, Marianne"]
[Result "1-0"]
[WhiteElo "1759"]
[BlackElo "1406"]
[Annotator "Stockfish Engine"]
[PlyCount "84"]
[SourceDate "2014.04.23"]

{C55: Zweispringerspiel} 1. e4 e5 2. Nf3 Nc6 3. Bc4 d6 4. d3 h6 5. c3 Nf6 6.
Nbd2 Be7 7. O-O O-O 8. Re1 Be6 9. Bb5 Bd7 {letzter Buchzug} 10. d4 (10. Ba4 Nb8
$14) 10... exd4 (10... Nxd4 11. Nxd4 exd4 12. Bxd7 Nxd7 13. cxd4 $11) 11. cxd4
$14 a6 12. Bc4 (12. Bd3 Bg4 13. h3 Bh5 $14) 12... b5 {Schwarz droht
Materialgewinn: b5xc4} (12... Bg4 13. d5 Ne5 14. b3 $11) 13. Bb3 Bg4 14. e5 (
14. Nf1 Na5 $14) 14... dxe5 $11 15. dxe5 Nh7 (15... Nd5 16. h3 Bh5 17. Bc2 $11)
16. Qc2 Bxf3 $4 {vergibt den Vorteil} (16... Nb4 $142 {sieht noch spielbar aus}
17. Qe4 Qd7 $11) 17. Nxf3 $18 ({Nachteilig ist} 17. gxf3 Nd4 18. Qc3 a5 $17)
17... Na5 18. Bf4 (18. Rd1 $142 Qe8 19. Bd5 $18) 18... Nxb3 $14 19. Qxb3 (19.
axb3 c5 $14) 19... c5 $11 20. Rad1 {Weiß droht Materialgewinn: Td1xd8} Qc8 {
[%cal Yc5c4] Will c4 spielen} 21. h3 c4 {Raumgewinn} 22. Qc2 Rd8 23. Nd4 (23.
e6 fxe6 24. Rxd8+ Qxd8 25. Bxh6 Nf8 $14 (25... gxh6 $4 26. Qg6+ Kf8 27. Ne5 $18
)) 23... Bc5 {Schwarz droht Materialgewinn: Lc5xd4} 24. Nf5 Qe6 25. Nd6 Nf8 26.
Nb7 (26. Bg3 $5 $14) 26... Rxd1 $11 27. Rxd1 ({Jedoch nicht} 27. Qxd1 Bxf2+ 28.
Kxf2 Qb6+ 29. Be3 Qxb7 $17) 27... Be7 28. Qe4 (28. Bg3 Ra7 29. Nd6 Rd7 $11)
28... Rb8 $15 29. Na5 Rc8 30. Qf3 $2 (30. Be3 $142 $15 {und Weiß kann noch
kämpfen}) 30... Ng6 $19 31. Bg3 Nxe5 (31... Bb4 $142 $5 32. Nb7 Nxe5 33. Bxe5
Qxe5 34. Nd8 $19) 32. Bxe5 Bb4 $4 {ein schwacher Zug, der den Gewinn vergibt} (
32... Qxe5 $142 33. Nc6 Qf6 34. Nxe7+ Qxe7 $19) 33. Bc3 $18 Bxa5 (33... Bd6 34.
a3 $18) 34. Bxa5 Re8 35. Qd5 Qxd5 36. Rxd5 Re6 37. Kf1 Kh7 38. Bb4 g5 (38...
Rf6 $18 {bietet noch letzte Rettungschancen}) 39. Rd6 Kg6 (39... Rg6 $18 {ist
noch eine dünne Chance}) 40. Rxe6+ fxe6 41. Ke2 (41. g4 {und Weiß hätte es
noch leichter} Kg7 $18) 41... Kf5 42. g4+ Kg6 1-0

[Event "OWL-EM 2014"]
[Site "?"]
[Date "2014.04.26"]
[Round "5"]
[White "Schrader, Elanor"]
[Black "Rathmann, Martha"]
[Result "1-0"]
[WhiteElo "1750"]
[BlackElo "1225"]
[Annotator "Stockfish Engine"]
[PlyCount "55"]
[SourceDate "2014.04.23"]

{C02: Französische Verteidigung (Vorstoßvariante)} 1. e4 e6 2. d4 d5 3. e5 c5
4. c3 Nc6 5. Nf3 {letzter Buchzug} Be7 (5... Qb6 6. Be2 $11) 6. Be2 Qb6 (6...
f6 7. O-O $11) 7. O-O $14 h6 {Sichert g5} (7... Nh6 8. dxc5 Bxc5 9. Bxh6 gxh6
10. Qd2 $14) 8. Re1 (8. dxc5 $5 Bxc5 9. b4 $16) 8... Bd7 $14 9. Qb3 (9. Na3
cxd4 10. cxd4 h5 $14) 9... Qc7 (9... Qxb3 10. axb3 cxd4 11. cxd4 $11) 10. Nbd2
(10. Be3 cxd4 11. cxd4 a6 $14) 10... Na5 {Schwarz droht Materialgewinn: Sa5xb3}
(10... cxd4 $5 {lohnt die Prüfung} 11. c4 Na5 $15) 11. Qd1 $14 O-O-O (11...
cxd4 12. cxd4 (12. Nxd4 $143 Qxe5 13. Bd3 Qc7 $11) 12... g5 13. h3 $14) 12. a3
(12. dxc5 $142 $5 Nc6 13. Nb3 $18) 12... c4 $14 13. Rb1 g5 14. h3 (14. b4 Nc6
15. h3 Kb8 $11) 14... h5 15. b3 {Nimmt Einfluß auf a4} (15. b4 cxb3 16. Nxb3
Ba4 17. Nxg5 Nh6 $11) 15... Nh6 $4 {[%cal Yg5g4] Ermöglicht auch g4. wirft den
Vorteil weg} (15... g4 $142 16. Nh2 cxb3 $17) 16. bxc4 $14 g4 17. hxg4 hxg4 18.
Nh2 g3 (18... dxc4 19. Qc2 $14) 19. fxg3 $16 Nf5 20. Ndf1 (20. Nhf1 $5 $16)
20... Nxc4 $11 21. Bxc4 (21. Bd3 Kb8 $11 (21... Nxa3 $143 22. Bxa3 Bxa3 23.
Bxf5 exf5 24. Ne3 $16)) 21... Qxc4 $15 {Schwarz hat das Läuferpaar} 22. Ne3 (
22. g4 $142 Nh4 23. Qb3 $15) 22... Qxc3 $4 {[%cal Rc3a3,Re7a3,Gc1a3] Übt Druck
auf den Isolani a3 aus. danach wendet sich das Blatt.} (22... Nxe3 23. Bxe3 Kb8
$15 (23... Qxc3 $4 {den sollte Schwarz lieber stehen lassen} 24. Rc1 Qc4 25.
Rxc4+ dxc4 26. Rf1 $18) (23... Bxa3 $6 {wäre hingegen schwach, denn} 24. Bg5
$11)) 23. Nxf5 $18 exf5 24. Re3 {Weiß droht Materialgewinn: Te3xc3} (24. Bf4
$142 {und Weiß gewinnt} Bc6 25. Nf3 $18) 24... Qc4 $11 25. Qb3 {Weiß droht Matt
} Bc6 26. Rc3 {Weiß droht Materialgewinn: Tc3xc4} Qxd4+ $4 {wirft den sicheren
Gewinn weg} (26... Qxb3 $142 {war noch möglich} 27. Rbxb3 Rdg8 $11) 27. Be3 $18
Qa4 (27... Qxe3+ {hätte noch versucht werden können} 28. Rxe3 d4 $18) 28. Qxb7#
1-0

[Event "OWL-EM 2014"]
[Site "?"]
[Date "2014.04.26"]
[Round "5"]
[White "Burova, Julia"]
[Black "Preiß, Lore"]
[Result "1/2-1/2"]
[WhiteElo "1395"]
[BlackElo "1481"]
[Annotator "Stockfish Engine"]
[PlyCount "82"]
[SourceDate "2014.04.23"]

{C01: Französische Verteidigung (Abtauschvariante)} 1. e4 e6 2. d4 d5 3. exd5
exd5 4. Nf3 Be7 {letzter Buchzug} 5. Bf4 Nf6 6. Nbd2 Nbd7 7. Bd3 c5 8. dxc5
Nxc5 9. Bb5+ Bd7 {Schwarz droht Materialgewinn: Ld7xb5} 10. Qe2 O-O 11. Bxd7
Ncxd7 12. O-O {Weiß rochiert und verbessert damit die Königssicherheit} Re8 13.
Qd1 Bc5 14. Nb3 Bb6 15. Nfd4 {Nicht von der Hand zu weisen} a6 {Verwehrt dem
Gegner b5} 16. Qf3 Ne5 17. Qd1 (17. Bxe5 Rxe5 18. c3 Ne4 $11) 17... h6 {Deckt
g5} (17... Nc4 18. Rb1 $17) 18. h3 {Punkt g4} (18. Bxe5 $5 {kam sehr in
Betracht} Rxe5 19. c3 $11) 18... Nc4 $17 19. Rb1 Re4 {Schwarz droht
Materialgewinn: Te4xf4} 20. Bg3 Qd7 21. f3 $2 {Überdeckt g4} (21. c3 Rc8 $17)
21... Re7 (21... Ne3 $142 $5 22. Qd2 Nxf1 23. Rxf1 Ree8 $19) 22. Re1 $17 Rae8
23. Rxe7 Qxe7 24. Bf2 Nh5 25. Nf5 $4 {Weiß bricht völlig ein} (25. g3 $142 $17)
25... Bxf2+ $19 26. Kxf2 Qe5 27. Qe1 Qxe1+ (27... Qb8 $142 {ließe Weiß keine
Chance} 28. Qc3 g6 $19) 28. Rxe1 $11 Rxe1 29. Kxe1 {Ein Doppelspringerendspiel
ist entstanden} Kf8 30. Nc5 {Weiß droht Materialgewinn: Sc5xb7} Nxb2 31. Nxb7
Nc4 {Ein schönes Feld für den Springer} (31... Nf4 32. g3 Nxh3 33. Nc5 $11) 32.
Nc5 $14 a5 (32... Nf4 33. g3 Nxh3 34. Nxa6 $11) 33. Nd3 $16 Nf6 34. Nf4 h5 35.
Ke2 g6 (35... h4 36. Nd3 $14 (36. Nxh4 $143 g5 $17)) 36. Ne3 $16 Nb6 37. Kd3
Ke7 38. Kd4 Kd6 39. c4 (39. h4 $142 $5 $16) 39... dxc4 $11 40. Nxc4+ Nxc4 41.
Kxc4 Kc6 1/2-1/2